LEADER 00908nam a2200205 i 4500 001 000000206951 003 CaOOAMICUS 005 20111018000000.0 008 111018s1585 it u000 u ita u 013 $a185725 040 $aSeMil$bita 245 10$aDell'arte oratoria libri tre. 260 $aVenezia :$bal Segno della Luna,$c1585. 300 $a15 x 20 ;$ccc. 48 ;$crom. 500 $aDescrizione da : Incunaboli e Cinquecentine della Biblioteca del Seminario di Milano / catalogo a cura di Ubaldo Valentini, Milano 1981. - Numero di catalogo : 1415. 700 1 $aSansovino, Francesco,$d<1521-1583>.$0(OLS)http://semarc/name/47220 850 $aSeMil 852 $aSeMil$W1$xVenegono$y1$mFV.F II 41/2$j157414$B157414$CSeMilBibl$Z2$F168710 $86 996 $6245$aDell'arte oratoria libri tre$9(OLS)http://semarc/title/299268 996 $6260$aVenezia :$bal Segno della Luna$9(OLS)http://semarc/publisher/51136 LEADER 01135nam a2200241 i 4500 001 000000090272 003 CaOOAMICUS 005 20171129000000.0 008 171129s2017 it u000 u ita u 013 $a62514 020 $a978-88-6029-258-3 040 $aSeMil$bita 100 1 $aGori, Nicola,$d<1965- >.$0(OLS)http://semarc/name/13777 245 10$aCome un chicco di grano :$bbiografia di Madre Clelia Merloni (1861-1930), Fondatrice delle Apostole del Sacro Cuore di Gesł /$cNicola Gori. 260 $aCantalupa (TO) :$bEffatą,$c2017. 300 $a220 p. ;$c21 cm. 600 14$aMerloni, Clelia .$0(OLS)http://semarc/subject/45390 850 $aSeMil 852 $aSeMil$W1$xVenegono$y1$m3G V 340$j53240$B53240$CSeMilBibl$Z2$F57873 $81 961 $aOmaggio: Delpini mons. Mario 996 $6020$a978-88-6029-258-3$9(OLS)http://semarc/number/272037 996 $6245$aCome un chicco di grano :$bbiografia di Madre Clelia Merloni (1861-1930), Fondatrice delle Apostole del Sacro Cuore di Gesł$9(OLS)http://semarc/title/406033 996 $6260$aCantalupa (TO) :$bEffatą$9(OLS)http://semarc/publisher/32483